| 000 | 00382nam a2200157 4500 | ||
|---|---|---|---|
| 005 | 20260404194838.0 | ||
| 008 | 260404b |||||||| |||| 00| 0 eng d | ||
| 020 |
_a- _qpbk |
||
| 082 |
_a149.7 _bVEE |
||
| 100 | _aVeeramani, K | ||
| 245 |
_aPopulation Problem _cK.Veeramani |
||
| 260 |
_aChennai _bDravidar Kazhagam _c2006 |
||
| 300 | _a15p. | ||
| 504 | _aindex | ||
| 942 | _cENGLISH | ||
| 999 |
_c618668 _d618668 |
||